Da compagnia aerea a paese #2 - Statistics

Statistiche generali
  • Questo quiz è stato fatto 31 volte
  • Il punteggio medio è 9 su 15
Statistiche sulle risposte
Compagnia aerea Paese % Corretto
Iberia Spagna
100%
Ryanair Irlanda
93%
KLM Paesi Bassi
85%
AirBaltic Lettonia
74%
Edelweiss Air Svizzera
74%
Hainan Airlines Cina
70%
Virgin Atlantic Regno Unito
70%
Condor Flugdienst Germania
67%
Air Transat Canada
56%
Avianca Colombia
44%
Atlas Blue Marocco
41%
SunExpress Turchia
41%
Jetstar Nuova Zelanda
37%
Lion Air Indonesia
26%
Flamingo Air Bahamas
15%
Nessun quiz corrispondente trovato
Distribuzione punteggi
Percentuale di utenti per punteggio
Percentile per numero di risposta
I tuoi punteggi nel tempo
Non hai fatto questo quiz